000 00515nam a22001817a 4500
999 _c525581
_d525581
003 NUST
005 20190703062051.0
038 _aFaiza
082 _a297.692
_bZAH
100 _aZahoor ul Hassan Sharb
_916492
245 _aJaded Tazkara oliya pak o hind /
_cZahoor ul Hassan Sharb
260 _aLahore:
_bAl Faisal ,
_cS.L
300 _a344p. ;
500 _aHard Cover
880 _6100-01\r
_aظہور الحسن شارب
880 _6245-02\r
_a /تذکرہ اولیاےْپاک و ہند
942 _2ddc
_cBK